| 000 | 00460nam a22001337a 4500 | ||
|---|---|---|---|
| 082 | _aBEE-5 ABD | ||
| 100 |
_a Abdul Ahad Ashfaq _993055 |
||
| 245 | _aDESIGN AND DEVELOPMENT OF ROBOTIC ANKLE FOOT ORTHOSIS | ||
| 260 |
_aislamabad _bNUST School of Electrical Engineering and Computer Science _c2013 |
||
| 300 |
_a 76p. : _eCD-ROM |
||
| 500 | _a Supervisor: Dr. Yasir Ayaz | ||
| 856 | _uhttp://10.250.8.41:8080/xmlui/handle/123456789/10090 | ||
| 942 |
_cPR _2ddc |
||
| 999 |
_c12713 _d12713 |
||